| Tag |
First Indicator |
Second Indicator |
Subfields |
| LEADER |
00000cam a2200000 i 4500 |
| 001 |
in00004451621 |
| 005 |
20211018102915.0 |
| 008 |
201106t20212021mdu b 001 0 eng |
| 010 |
|
|
|a 2020050479
|
| 020 |
|
|
|a 9781682475508
|q (paperback)
|
| 020 |
|
|
|a 1682475506
|
| 020 |
|
|
|z 9781682476383
|q (ebook)
|
| 020 |
|
|
|z 9781682476383
|q (pdf)
|
| 035 |
|
|
|a (OCoLC)on1204267062
|
| 040 |
|
|
|a DLC
|e rda
|c DLC
|d UtOrBLW
|
| 043 |
|
|
|a n-us---
|
| 049 |
|
|
|a TXAM
|
| 050 |
0 |
0 |
|a V133
|b .W73 2021
|
| 082 |
0 |
0 |
|a 359.3/3041
|2 23
|
| 100 |
1 |
|
|a Wray, Robert O.,
|c Jr.,
|e author.
|0 http://id.loc.gov/authorities/names/n2013001899
|
| 245 |
1 |
0 |
|a Saltwater leadership :
|b a primer on leadership for the sea services /
|c RADM Robert O. Wray Jr., USN (Ret.), CDR Andrew K. Ledford, USN, RADM John B. Mustin, USN and RDML Ted LeClair, USN.
|
| 250 |
|
|
|a Second edition.
|
| 264 |
|
1 |
|a Annapolis, Maryland :
|b Naval Institute Press,
|c [2021]
|
| 264 |
|
4 |
|c ©2021
|
| 300 |
|
|
|a xiv, 215 pages :
|b illustrations ;
|c 21 cm.
|
| 336 |
|
|
|a text
|b txt
|2 rdacontent
|
| 337 |
|
|
|a unmediated
|b n
|2 rdamedia
|
| 338 |
|
|
|a volume
|b nc
|2 rdacarrier
|
| 490 |
1 |
|
|a The U.S. Naval Institute blue & gold professional library
|
| 504 |
|
|
|a Includes bibliographical references and index.
|
| 505 |
0 |
|
|a Leadership for Young Leaders at Sea -- A Brief History of Leadership -- Leadership Defined through Lists -- Junior Officer Leadership Lessons -- Taking Care of People -- Forceful Backup -- Culture -- Professional Competence -- Leadership Advice from Those Who've Led -- Becoming the Leader You Want to Be.
|
| 520 |
|
|
|a Designed for busy junior officers in the U.S. Navy, Coast Guard and Merchant Marine, this primer teaches the basics of leadership. This book provides a useful overview of major leadership studies, an informative summary of the wisdom of 380 senior seagoing officers regarding those leadership attributes required of the junior officer and sea stories from officers of varied backgrounds. The book features the first edition foreword by John McCain, United States Senator.
|
| 610 |
1 |
0 |
|a United States.
|b Navy
|v Officers' handbooks.
|0 http://id.loc.gov/authorities/subjects/sh85140969
|
| 610 |
1 |
0 |
|a United States.
|b Navy
|x Sea life
|v Anecdotes.
|
| 650 |
|
0 |
|a Merchant marine
|z United States
|v Officers' handbooks.
|
| 650 |
|
0 |
|a Leadership
|v Handbooks, manuals, etc.
|0 http://id.loc.gov/authorities/subjects/sh2008106869
|
| 650 |
|
0 |
|a Naval art and science
|v Handbooks, manuals, etc.
|
| 830 |
|
0 |
|a U.S. Naval Institute blue & gold professional library.
|0 http://id.loc.gov/authorities/names/n2004006833
|
| 945 |
|
|
|b 980837
|
| 947 |
|
|
|a A14851644386
|
| 948 |
|
|
|a cataloged
|b h
|c 2021/9/10
|d c
|e dmitchel
|f 8:30:20 AM
|
| 994 |
|
|
|a 92
|b TXA
|
| 999 |
f |
f |
|s b16d24a9-827d-3b31-a451-2d4c712e99ee
|i d3013108-c3ca-3fd9-a1e9-5b18d313f885
|t 0
|
| 952 |
f |
f |
|p normal
|a Texas A&M University
|b College Station
|c Sterling C. Evans Library
|d Evans: Library Stacks
|t 0
|e V133 .W73 2021
|h Library of Congress classification
|i unmediated -- volume
|m A14851644386
|
| 998 |
f |
f |
|a V133 .W73 2021
|t 0
|l Evans: Library Stacks
|